Obchodovanie na burze prostredníctvom technickej analýzy ako trend v medzinárodnom obchode

Komoditné burzy sú jedným z pilierov svetovej ekonomiky. Tieto burzy stanovujú trhové ceny komodít, od ktorých sa následne odvíjajú ceny strategicky dôležitých komodít ako je ropa. Obchodovanie s akciami je rastúci trend v medzinárodnom obchode a tento článok má za cieľ vysvetliť obchodovanie s akci...

Ausführliche Beschreibung

Gespeichert in:
Bibliographische Detailangaben
1. Verfasser: Hanušniak, Ondrej, 1994-
Format: Buchkapitel
Sprache:Slowakisch
Schlagworte:
Tags: Tag hinzufügen
Keine Tags, Fügen Sie das erste Tag hinzu!

MARC

LEADER 00000naa$a2200000$$$4500
001 0289676
005 20240502074435.8
041 0 |a slo 
044 |a SK 
245 1 0 |a Obchodovanie na burze prostredníctvom technickej analýzy ako trend v medzinárodnom obchode  |c Ondrej Hanušniak 
520 |a Komoditné burzy sú jedným z pilierov svetovej ekonomiky. Tieto burzy stanovujú trhové ceny komodít, od ktorých sa následne odvíjajú ceny strategicky dôležitých komodít ako je ropa. Obchodovanie s akciami je rastúci trend v medzinárodnom obchode a tento článok má za cieľ vysvetliť obchodovanie s akciami z pohľadu obchodníka s akciami. Zameriame sa na technickú analýzu obchodovania s akciami a vysvetlíme, ako to funguje a ako používať vybrané nástroje obchodovania s akciami. 
610 2 0 |a komodity 
610 2 0 |a burzy 
610 2 0 |a trhy 
610 2 0 |a obchod medzinárodný 
100 1 |a Hanušniak, Ondrej, 1994-